Normal view MARC view
  • Hartley, Jill,

Entry Nombre Personal

Number of records used in: 4

001 - NUMERO DE CONTROL

  • campo de control: 43147

003 - IDENTIFICADOR DE NUMERO DE CONTROL

  • campo de control: UPN

005 - FECHA Y HORA DE LA ÜLTIMA TRANSACCIÓN

  • campo de control: 20221125094145.0

008 - DATOS DE LONGITUD FIJA

  • campo de control de longitud fija: nabaccnnaabn|||||||||| b |nc|||||d

035 ## - NUMERO DE CONTROL

  • Número de control: UPN11000015254

040 ## - FUENTE DE CATALOGACIÓN

  • Lenguaje de catalogación: SPA
  • Agencia de transcripción: UPN
  • Agencia original de catalogación: UPN

100 1# - ENCABEZAMIENTO - NOMBRE PERSONAL

  • Nombre personal: Hartley, Jill,
  • Fechas asociadas con el nombre: 1950-

670 ## - FUENTE EN LA QUE SE LOCALIZARON DATOS

  • Cita de la fuente: T
  • Uniform Resource Identifier: https://www.revistaciencias.unam.mx/pt/72-fotografos/fotografos/367-jill-hartley.html

670 ## - FUENTE EN LA QUE SE LOCALIZARON DATOS

  • Cita de la fuente: Lotería fotográfica mexicana, 1995:
  • Información localizada: portada (Jill Hartley) tarjeta acompañante (nació en Los Angeles en 1950)

680 ## - NOTA PUBLICA DE ACCESO PÚBLICO

  • Frase explicativa de la referencia: Artista plástico estadounidense con estudios en la UCLA, Art Center College of Design y la Universidad de Illinois en Chicago Circle. Lic. en Artes Plásticas y Gráficas. Estudios adicionales en cine etnográfico

902 ## - CATALOGADOR

  • Catalogador: EMR/291119